Ramcharitmanas ki chatusshati. (Record no. 81179)

MARC details
000 -LEADER
fixed length control field 00696nam a2200229Ia 4500
003 - CONTROL NUMBER IDENTIFIER
control field OSt
005 - DATE AND TIME OF LATEST TRANSACTION
control field 20260402092353.0
008 - FIXED-LENGTH DATA ELEMENTS--GENERAL INFORMATION
fixed length control field 210210b1970 xxu||||| |||| 00| 0 eng d
040 ## - CATALOGING SOURCE
Transcribing agency AL
041 ## - LANGUAGE CODE
Language code of text/sound track or separate title Hindi
082 ## - DEWEY DECIMAL CLASSIFICATION NUMBER
Classification number H891.9 SHAR
100 ## - MAIN ENTRY--PERSONAL NAME
Personal name SHARM (Raghuraja Sharan).
Dates associated with a name शर्म (रघुराज शरण)
9 (RLIN) 260059
245 ## - TITLE STATEMENT
Title Ramcharitmanas ki chatusshati.
Remainder of title रामचरितमानस की चतुष्टशती
260 ## - PUBLICATION, DISTRIBUTION, ETC.
Place of publication, distribution, etc. Patna
Name of publisher, distributor, etc. Vishv Bharati Prakashan
Date of publication, distribution, etc. 1970
300 ## - PHYSICAL DESCRIPTION
Extent 44
650 ## - SUBJECT ADDED ENTRY--TOPICAL TERM
Topical term or geographic name entry element Ramcharitmanas
9 (RLIN) 260060
650 ## - SUBJECT ADDED ENTRY--TOPICAL TERM
Topical term or geographic name entry element ki
9 (RLIN) 260061
650 ## - SUBJECT ADDED ENTRY--TOPICAL TERM
Topical term or geographic name entry element chatusshati.
9 (RLIN) 260062
690 ## - LOCAL SUBJECT ADDED ENTRY--TOPICAL TERM (OCLC, RLIN)
Topical term or geographic name as entry element Hindi Criticism
9 (RLIN) 260063
906 ## - LOCAL DATA ELEMENT F, LDF (RLIN)
a 029982
942 ## - ADDED ENTRY ELEMENTS (KOHA)
Source of classification or shelving scheme Dewey Decimal Classification
Koha item type Book
Holdings
Withdrawn status Lost status Source of classification or shelving scheme Damaged status Not for loan Collection code Home library Current library Shelving location Date acquired Cost, normal purchase price Total Checkouts Full call number Barcode Date last seen Price effective from Koha item type
    Dewey Decimal Classification     Hindi St Aloysius Library St Aloysius Library   02/17/2021 0.00   H891.9 SHAR 029982 02/17/2021 02/17/2021 Book